书目信息 |
| 题名: |
大数据监控社会中的隐私权保护
|
|
| 作者: | 张衠 著 | |
| 分册: | ||
| 出版信息: | 上海 上海人民出版社 2021.05 |
|
| 页数: | 179页 | |
| 开本: | 24cm | |
| 丛书名: | 上海社会科学院青年学者丛书 | |
| 单 册: | ||
| 中图分类: | D912.7 | |
| 科图分类: | ||
| 主题词: | 隐私权--yin si quan--数据保护--研究 | |
| 电子资源: | ||
| ISBN: | 978-7-208-17023-0 | |
| 000 | 02028nam 2200313 450 | |
| 001 | 0100028636 | |
| 005 | 20211025120159.0 | |
| 010 | @a978-7-208-17023-0@dCNY50.00 | |
| 100 | @a20210611d2021 em y0chiy50 ea | |
| 101 | 0 | @achi |
| 102 | @aCN@b310000 | |
| 105 | @aa a 000yy | |
| 106 | @ar | |
| 200 | 1 | @a大数据监控社会中的隐私权保护@Ada shu ju jian kong she hui zhong de yin si quan bao hu@e基于美欧实践的观察@d= Privacy protection in big data surveillance society@esome practical observations on the United States and the European union@f张衠著@zeng |
| 210 | @a上海@c上海人民出版社@d2021.05 | |
| 215 | @a179页@c图@d24cm | |
| 225 | 2 | @a上海社会科学院青年学者丛书@Ashang hai she hui ke xue yuan qing nian xue zhe cong shu |
| 300 | @a国家高端智库 | |
| 314 | @a张衠, 上海社会科学院信息研究所助理研究员, 法学博士, 长期从事网络安全和数据保护相关的法律政策研究工作, 在CSSCI核心期刊和《人民日报》等国*级报纸发表多篇论文和文章, 出版专著《大数据时代个人信息安全规制研究》, 负责主持国家社科基金青年项目1项, 省部级课题3项以及多项与国内ICT企业的合作研究项目, 作为核心成员参与了包括国家社科基金重大项目以及中央和地方网信管理部门委托课题的研究, 并担任我国首部网络空间安全蓝皮书“中国网络空间安全发展报告”的副主编。 | |
| 320 | @a有书目 (第159-177页) | |
| 330 | @a本书从当前大数据技术的蓬勃发展出发, 通过观察美欧国家当前的大数据监控实践, 分析传统隐私权的权利内涵和保护方式在理论和司法层面面临的争议, 提出隐私权保障理论亟需回应科技发展和社会变迁带来的严峻挑战。本书还收录了一些美欧法院在判决此类案件时的司法实例, 本书的出版对了解和研究大数据技术对社会隐私的影响有着重要参考意义。 | |
| 410 | 0 | @12001 @a上海社会科学院青年学者丛书 |
| 510 | 1 | @aPrivacy protection in big data surveillance society@esome practical observations on the United States and the European union@zeng |
| 517 | 1 | @a基于美欧实践的观察@Aji yu mei ou shi jian de guan cha |
| 606 | 0 | @a隐私权@Ayin si quan@x数据保护@x研究 |
| 690 | @aD912.7@v5 | |
| 701 | 0 | @a张衠@Azhang zhun@4著 |
| 801 | 0 | @aCN@c20210909 |
| 905 | @a河南城建学院图书馆@dD912.7@eZ255 | |
| 大数据监控社会中的隐私权保护:基于美欧实践的观察= Privacy protection in big data surveillance society:some practical observations on the United States and the European union/张衠著.-上海:上海人民出版社,2021.05 |
| 179页:图;24cm.-(上海社会科学院青年学者丛书) |
| 国家高端智库 |
| ISBN 978-7-208-17023-0:CNY50.00 |
| 本书从当前大数据技术的蓬勃发展出发, 通过观察美欧国家当前的大数据监控实践, 分析传统隐私权的权利内涵和保护方式在理论和司法层面面临的争议, 提出隐私权保障理论亟需回应科技发展和社会变迁带来的严峻挑战。本书还收录了一些美欧法院在判决此类案件时的司法实例, 本书的出版对了解和研究大数据技术对社会隐私的影响有着重要参考意义。 |
| ● |
| 相关链接 |
|
|
|
正题名:大数据监控社会中的隐私权保护
索取号:D912.7/Z255
 
预约/预借
| 序号 | 登录号 | 条形码 | 馆藏地/架位号 | 状态 | 备注 |
| 1 | 1545723 | 215457235 | 社科库509/509社科库 81排4列3层/ [索取号:D912.7/Z255] | 在馆 | |
| 2 | 1545724 | 215457244 | 社科库509/509社科库 81排4列3层/ [索取号:D912.7/Z255] | 在馆 |